000 00537cam a2200205ua 4500
020 _cRe 1.00
041 _amal
_h
082 _a894.8121
_bKUM/RA
100 _aKumarakavi, .
245 _aRandu Bhashaganangal /
_cKumarakavi.
_hTextual Documents
250 _a1 /
_b.
260 _aThiruvananthapuram :
_bUniversity of Travancore ,
_c1948.
300 _a78 ; .
365 _aRe 1.00
440 0 _aMalayalam Series,
_v69
_x;
490 0 _aMalayalam Series,
_v69
_x;
504 _a
942 _cBK
999 _c4049
_d4049